Análisis del pensamiento racional /

Na minha lista:
Detalhes bibliográficos
Autor principal: Sanz del Río, Julián (autor)
Formato: Livro
Idioma:espanhol
Assuntos:
Tags: Adicionar Tag
Sem tags, seja o primeiro a adicionar uma tag!

MARC

LEADER 00000nam^a2200000^a^4500
001 000382904
005 20250526000000.0
009 20260310120802.107
037 |a Acervo Xavier Clavigero 
041 |a ESP 
082 |a 121. 3  |b SAN 
100 |a Sanz del Río, Julián  |e (autor) 
245 1 0 |a Análisis del pensamiento racional /  |c J. Sanz del Río. 
264 |a Madrid, España :  |b Imprenta de A.J. Alaria,  |c 1877 
300 |a XXXII, 446 p. ;  |c 22.0 cm. 
336 |a texto  |b txt  |2 rdacontenido 
337 |a sin mediación  |b n  |2 rdamedio 
338 |a volumen  |b nc  |2 rdasoporte 
561 |a Ex libris de Instituto de Literatura Puente Grande, Jal. 
561 |a Ex libris de Bibl. Iunioratus Dom. Prob. S. Ioseph 
561 |a Ex libris de Bibliotheca Collegii Maximi Prov. Mexicanae, S.J. 
562 |a Falta cubierta 
649 |a XX 
650 |a Razonamiento Lógico 
650 |a Pensamiento -  |x Tema Principal 
650 |a Epistemología 
650 |a Filosofía Analítica 
650 |a Filosofía del Siglo XIX 
650 |a Filosofía Española 
910 |a Fondo General 
920 |a Impresos - Libros 
930 |a Libros Antiguos y Raros 
905 |a 108 
901 |a 0500277949  |b IT2  |c LRA  |u 20250526 
902 |a https://opac.biblio.iteso.mx/vufind/Record/000382904